Moverse en libertad: desarrollo de la motricidad global

Guardat en:
Dades bibliogràfiques
Autor principal: Pikler, Emmi (Autor)
Format: Llibre
Idioma:espanyol
Publicat: Madrid Narcea 1985
Col·lecció:Educación hoy
Matèries:
Etiquetes: Afegir etiqueta
Sense etiquetes, Sigues el primer a etiquetar aquest registre!

MARC

LEADER 00000nam a2200000 a 4500
001 UCY6515
003 CL-VaPUC
008 950526e19850000SP |||||||||||||||||spa|d
082 0 4 |a 155.412  |b PIK  |2 21 
100 0 |a Pikler, Emmi  |e author  |9 336479 
245 1 0 |a Moverse en libertad: desarrollo de la motricidad global 
300 |a 166 p 
942 |c BK 
945 |d 19950526 00:00:00  |a cmena 
260 |a Madrid  |b Narcea  |c 1985 
650 0 |a Psicología   |9 257863 
650 0 |a Desarrollo motor   |9 313002 
650 0 |a Psicología del niño  |9 307305 
650 0 |a Desarrollo individual   |9 307875 
650 0 |a Aprendizaje   |9 254827 
650 0 |a Educación  |9 258661 
583 |a last modification  |c 19950526 00:00:00  |k Rodrigo Vera 
490 0 |a Educación hoy 
999 |c 234076  |d 234074 
952 |0 0  |1 0  |4 0  |6 155_412000000000000_PIK_1985  |7 0  |8 P  |9 240046  |a BIBEDU  |b BIBEDU  |c BIBEDU_PB  |d 2019-11-18  |i 1510673  |l 1  |o 155.412 PIK 1985  |p 1510673  |r 2024-01-25  |s 2022-03-29  |w 2019-11-18  |y BK  |k EDU